000 00923nam a22003137a 4500
001 67
003 FISKH
005 20231002074527.0
008 230221b cb ||||| |||| 00| 0 eng d
010 _a 2011032220
020 _a9780531208618 (library binding)
020 _a9780531209301 (pbk.)
040 _aDLC
_cDLC
_beng
_dFISKH
042 _apcc
050 0 0 _aQE862.S3
_bM3317 2012
082 0 0 _a567.912/9
_223
100 1 _aMara, Wil.
245 1 0 _aTyrannosaurus rex /
_cby Wil Mara.
260 _aNew York :
_bChildren's Press,
_cc2012.
300 _a32 p. :
_bill. (chiefly col.) ;
_c18 cm.
490 0 _aRookie read-about dinosaurs
504 _aIncludes bibliographical references and index.
521 8 _a460
_bLexile
521 8 _aH
_bRaz-Plus
650 0 _aTyrannosaurus rex
_vJuvenile literature.
650 0 _aDinosaurs
906 _a7
_bcbc
_corignew
_d1
_eecip
_f20
_gy-gencatlg
942 _2ddc
_cBK
_n0
999 _c67
_d67